[Event "38th Reykjavik op"]
[Site "Reykjavik ISL"]
[Date "2025.04.09"]
[Round "1.45"]
[White "Omarsson, Adam"]
[Black "Tahay, Alexis"]
[WhiteElo "2072"]
[BlackElo "2397"]
[Result "1-0"]
[EventDate "2025.04.09"]
[PlyCount "111"]

1. d4 Nf6 2. c4 e6 3. Nc3 Bb4 4. e3 O-O 5. Bd3 d5 6. Nf3 b6 7. a3 Be7 8. O-O Bb7
9. Qe2 c5 10. Rd1 Nbd7 11. b3 Qc7 12. Bb2 Rac8 13. Rac1 Qb8 14. e4 cxd4 15. Nxd4
Bc5 16. Nc2 Ne5 17. h3 Nxd3 18. Rxd3 dxe4 19. Rdd1 Rfd8 20. Ne3 Qf4 21. b4 Bd6 22.
g3 Qh6 23. Nb5 Be7 24. Bxf6 Bxf6 25. Nd6 Rc7 26. Ng4 Qg6 27. Nxf6+ gxf6 28. Nxb7
Rxd1+ 29. Qxd1 Rxb7 30. Qd8+ Kg7 31. Qc8 Re7 32. Qd8 Qg5 33. Rd1 f5 34. c5 bxc5 35.
bxc5 e3 36. Qd4+ f6 37. c6 exf2+ 38. Kxf2 f4 39. gxf4 Qh4+ 40. Kg2 Kh6 41. Qe3 e5
42. Rd7 exf4 43. Qxe7 Qg3+ 44. Kf1 Qxh3+ 45. Ke1 Qh1+ 46. Kd2 Qg2+ 47. Kd3 Qf3+ 48.
Kd4 Qf2+ 49. Kd5 Qa2+ 50. Kd6 Qxa3+ 51. Ke6 Qb3+ 52. Kxf6 Qc3+ 53. Kf7 Qg7+ 54. Ke8
Qg6+ 55. Kd8 Qg8+ 56. Kc7  1-0

[Event "38th Reykjavik op"]
[Site "Reykjavik ISL"]
[Date "2025.04.09"]
[Round "1.46"]
[White "Thorhallsson, Throestur"]
[Black "Borne, Niels"]
[WhiteElo "2394"]
[BlackElo "2071"]
[Result "1-0"]
[EventDate "2025.04.09"]
[PlyCount "67"]

1. e4 c6 2. d4 d5 3. exd5 cxd5 4. Bd3 Nc6 5. c3 Qc7 6. Ne2 Bg4 7. f3 Bd7 8. f4 g6
9. O-O Bf5 10. Ng3 Bxd3 11. Qxd3 e6 12. Nd2 Nge7 13. Nf3 Bg7 14. Bd2 O-O 15. Rae1
b5 16. h4 a5 17. h5 b4 18. hxg6 hxg6 19. Ng5 Rfe8 20. Nh1 Nf5 21. Nf2 Qd7 22. g4
Nh6 23. Nf3 f5 24. Ne5 Nxe5 25. fxe5 bxc3 26. bxc3 Rf8 27. Kg2 fxg4 28. Bxh6 Bxh6
29. Nxg4 Bg5 30. Qxg6+ Qg7 31. Qxe6+ Rf7 32. Qxd5 Rb8 33. Re2 Bf4 34. Rxf4  1-0

[Event "38th Reykjavik op"]
[Site "Reykjavik ISL"]
[Date "2025.04.09"]
[Round "1.47"]
[White "Weersing, Abigail R"]
[Black "Kirk, Ezra"]
[WhiteElo "2069"]
[BlackElo "2394"]
[Result "0-1"]
[EventDate "2025.04.09"]
[PlyCount "88"]

1. d4 Nf6 2. c4 g6 3. Nc3 Bg7 4. e4 d6 5. Nge2 O-O 6. Ng3 h5 7. Be2 h4 8. Nf1 b5
9. cxb5 a6 10. b6 cxb6 11. Bg5 h3 12. gxh3 b5 13. a3 Nc6 14. d5 Ne5 15. Ne3 Qb6 16.
Qd2 Bxh3 17. Rg1 Nh7 18. Bxe7 Rfe8 19. Bxd6 Qxd6 20. f4 Nc4 21. Nxc4 bxc4 22. Rg3
Bxc3 23. Rxc3 Rxe4 24. O-O-O Bf5 25. Bxc4 Rc8 26. Bd3 Rxc3+ 27. Qxc3 Qxf4+ 28. Qd2
Qxd2+ 29. Rxd2 Re1+ 30. Kc2 Bxd3+ 31. Kxd3 Nf6 32. Kc4 Kf8 33. b4 Ke7 34. a4 Kd6
35. Rf2 Ng4 36. Rb2 Ne3+ 37. Kd4 Nxd5 38. b5 Rd1+ 39. Kc4 Nb6+ 40. Kb4 a5+ 41. Kb3
Rd3+ 42. Kc2 Rf3 43. Kd1 Nxa4 44. Rc2 Nc3+  0-1

[Event "38th Reykjavik op"]
[Site "Reykjavik ISL"]
[Date "2025.04.09"]
[Round "1.48"]
[White "Terrieux, Kevin"]
[Black "Monteverde, Jonathan"]
[WhiteElo "2394"]
[BlackElo "2067"]
[Result "1-0"]
[EventDate "2025.04.09"]
[PlyCount "125"]

1. e4 c5 2. Nf3 d6 3. Bb5+ Nd7 4. d4 cxd4 5. Qxd4 a6 6. Be2 Ngf6 7. Nc3 e5 8. Qe3
b5 9. a4 b4 10. Nd5 Nxd5 11. exd5 Be7 12. a5 O-O 13. O-O f5 14. Bc4 Kh8 15. Qe1 Rb8
16. Ra4 Bf6 17. Rxb4 e4 18. Rxb8 Nxb8 19. Nd2 Qxa5 20. Qe2 Nd7 21. Rd1 Ne5 22. Bb3
Bd7 23. Nc4 Nxc4 24. Bxc4 Bb5 25. Bf4 Qb6 26. Bxb5 axb5 27. c3 h6 28. Qh5 Qd8 29.
Ra1 b4 30. Bxh6 gxh6 31. Qxh6+ Kg8 32. Ra7 Rf7 33. Qg6+ Rg7 34. Rxg7+ Bxg7 35. Qe6+
Kh8 36. Qxf5 bxc3 37. bxc3 Qa5 38. Qh3+ Kg8 39. Qe6+ Kh8 40. Qe8+ Kh7 41. Qxe4+ Kg8
42. g3 Qxc3 43. Qe6+ Kh7 44. Kg2 Qd4 45. h4 Qe5 46. Qxe5 Bxe5 47. f4 Bc3 48. g4 Be1
49. Kh3 Kg6 50. h5+ Kf6 51. Kg2 Bd2 52. Kf3 Bc3 53. Ke4 Bd2 54. g5+ Kg7 55. Kf5 Bc1
56. Kg4 Bd2 57. f5 Bc3 58. f6+ Kf7 59. Kf5 Bd4 60. g6+ Kg8 61. h6 Bc3 62. Ke6 Kh8
63. Kf7  1-0

[Event "38th Reykjavik op"]
[Site "Reykjavik ISL"]
[Date "2025.04.09"]
[Round "1.49"]
[White "Thorisson, Benedikt"]
[Black "Willems, Niels"]
[WhiteElo "2065"]
[BlackElo "2394"]
[Result "0-1"]
[EventDate "2025.04.09"]
[PlyCount "68"]

1. e4 c6 2. Nc3 d5 3. Nf3 Bg4 4. d4 Nf6 5. h3 Bxf3 6. Qxf3 e6 7. exd5 cxd5 8. Bd3
Nc6 9. Ne2 g6 10. O-O Bg7 11. c3 O-O 12. Bg5 Re8 13. Qg3 Qb6 14. Qh4 Nd7 15. Bh6
e5 16. Bxg7 Kxg7 17. b3 Rac8 18. Rac1 exd4 19. Nxd4 Nxd4 20. cxd4 Nf8 21. Qf4 Qf6
22. Qxf6+ Kxf6 23. Rc5 Ne6 24. Rxc8 Rxc8 25. Rd1 Nxd4 26. Ba6 bxa6 27. Rxd4 Rc1+
28. Kh2 Ke5 29. Rd2 d4 30. f3 Rc3 31. Kg1 d3 32. Kf2 Kd4 33. Ke1 Rc1+ 34. Kf2 Rc2
 0-1

[Event "38th Reykjavik op"]
[Site "Reykjavik ISL"]
[Date "2025.04.09"]
[Round "1.50"]
[White "Thorfinnsson, Bjoern"]
[Black "Verbitsky, Jaroslaw"]
[WhiteElo "2386"]
[BlackElo "2065"]
[Result "1-0"]
[EventDate "2025.04.09"]
[PlyCount "41"]

1. d4 d5 2. Nf3 Nf6 3. c3 Bf5 4. Qb3 Qc8 5. Bg5 Nbd7 6. Nbd2 e6 7. e3 c5 8. c4 Be7
9. cxd5 exd5 10. Bxf6 c4 11. Nxc4 dxc4 12. Qb5 gxf6 13. Qxf5 c3 14. Rc1 cxb2 15.
Rxc8+ Rxc8 16. Bb5 Rc1+ 17. Ke2 Rxh1 18. Qxd7+ Kf8 19. Bd3 b1=Q 20. Bxb1 Rxb1 21.
Nh4  1-0

[Event "38th Reykjavik op"]
[Site "Reykjavik ISL"]
[Date "2025.04.09"]
[Round "1.51"]
[White "Bougain, Victor"]
[Black "Heimisson, Hilmir Freyr"]
[WhiteElo "2061"]
[BlackElo "2376"]
[Result "0-1"]
[EventDate "2025.04.09"]
[PlyCount "82"]

1. e4 e5 2. Nf3 Nc6 3. Bb5 a6 4. Bxc6 dxc6 5. O-O Qf6 6. d4 exd4 7. Qxd4 Qxd4 8.
Nxd4 Bd7 9. Nc3 Ne7 10. Be3 O-O-O 11. Rfd1 Ng6 12. h3 Bb4 13. Nde2 Rhe8 14. a3 Bf8
15. f4 c5 16. Kf2 Bc6 17. Rxd8+ Kxd8 18. Rd1+ Kc8 19. Ng3 a5 20. a4 f6 21. b3 b6
22. f5 Ne5 23. Bf4 c4 24. Nd5 Bc5+ 25. Be3 Bxe3+ 26. Kxe3 cxb3 27. cxb3 Nd7 28. Nc3
Nc5 29. Rb1 Rd8 30. Nge2 Rd3+ 31. Kf4 Bb7 32. h4 Bc6 33. h5 h6 34. g4 Rh3 35. Ng3
Nd3+ 36. Kf3 Rh4 37. Nce2 Ne5+ 38. Kg2 Rxg4 39. Nc3 Rf4 40. Rf1 Rxf1 41. Kxf1 Be8
 0-1

[Event "38th Reykjavik op"]
[Site "Reykjavik ISL"]
[Date "2025.04.09"]
[Round "1.52"]
[White "Thorfinnsson, Bragi"]
[Black "Gavran, Marinko"]
[WhiteElo "2375"]
[BlackElo "2054"]
[Result "1-0"]
[EventDate "2025.04.09"]
[PlyCount "63"]

1. d4 d5 2. Nc3 Nf6 3. Bg5 Ne4 4. Nxe4 dxe4 5. e3 c6 6. Qd2 a5 7. f3 Bf5 8. Ne2 exf3
9. gxf3 h6 10. Bh4 Qb6 11. O-O-O e6 12. e4 Bh7 13. Bf2 Bb4 14. c3 Be7 15. Rg1 Na6
16. Rxg7 Bg5 17. Be3 Bf6 18. Rg1 O-O-O 19. Bxh6 Bg6 20. h3 Bh5 21. Qf4 Be7 22. Bg5
Bxg5 23. Rxg5 a4 24. Ng3 a3 25. bxa3 Bg6 26. h4 Nc7 27. h5 Nd5 28. exd5 Qb1+ 29.
Kd2 Qc2+ 30. Ke1 Qxc3+ 31. Kf2 Bc2 32. Qd2  1-0

[Event "38th Reykjavik op"]
[Site "Reykjavik ISL"]
[Date "2025.04.09"]
[Round "1.53"]
[White "Allard, Thomas"]
[Black "Song, Yuxin"]
[WhiteElo "2053"]
[BlackElo "2371"]
[Result "0-1"]
[EventDate "2025.04.09"]
[PlyCount "62"]

1. e4 c5 2. Nf3 Nc6 3. d4 cxd4 4. Nxd4 Qb6 5. Nb3 g6 6. c4 Bg7 7. Be2 Qc7 8. O-O
d6 9. f4 a5 10. Nc3 Bxc3 11. bxc3 Nf6 12. Qd3 Bg4 13. Nd4 Rc8 14. Nb5 Qd7 15. Rd1
Bxe2 16. Qxe2 Qe6 17. c5 dxc5 18. e5 O-O 19. Qe3 Nd7 20. Ba3 f6 21. Nd6 exd6 22.
Rxd6 Qe7 23. Rad1 Rfd8 24. Qd3 Nf8 25. Qc4+ Qf7 26. Qxc5 Rxd6 27. Rxd6 fxe5 28. fxe5
Re8 29. Rf6 Nd7 30. Rxf7 Nxc5 31. Rc7 Rxe5  0-1

[Event "38th Reykjavik op"]
[Site "Reykjavik ISL"]
[Date "2025.04.09"]
[Round "1.54"]
[White "Akesson, Ralf"]
[Black "Oskarsson, Markus Orri"]
[WhiteElo "2361"]
[BlackElo "2051"]
[Result "1/2-1/2"]
[EventDate "2025.04.09"]
[PlyCount "117"]

1. c4 e6 2. Nc3 d5 3. d4 c5 4. cxd5 exd5 5. Nf3 Nc6 6. g3 Nf6 7. Bg2 cxd4 8. Nxd4
Bc5 9. Nb3 Bb6 10. O-O d4 11. Na4 O-O 12. Bg5 Re8 13. Nc1 h6 14. Bxf6 Qxf6 15. Nxb6
axb6 16. Nd3 Bg4 17. Re1 g5 18. Qd2 Re7 19. h3 Bf5 20. Kh2 Rae8 21. Rad1 Bxd3 22.
exd3 Ne5 23. Kh1 Nf3 24. Rxe7 Rxe7 25. Qc2 Ne1 26. Qd2 Nxg2 27. Kxg2 Qc6+ 28. Kg1
Qf3 29. Rf1 Re2 30. Qb4 Qxd3 31. Qxb6 Re6 32. Qb4 Kg7 33. Rc1 Rf6 34. Re1 b6 35.
a4 Qf5 36. Qxd4 Qxh3 37. b4 Qf5 38. Re5 Qb1+ 39. Kg2 Qc2 40. a5 bxa5 41. bxa5 Kg6
42. Qe4+ Qxe4+ 43. Rxe4 Kf5 44. Kf3 Ra6 45. Ra4 h5 46. Ke3 Ke5 47. Ra1 h4 48. gxh4
gxh4 49. Ra4 h3 50. Kf3 Rg6 51. Re4+ Kf5 52. Rf4+ Ke6 53. Re4+ Kf5 54. Re1 h2 55.
Rh1 Ra6 56. Ra1 Rg6 57. Rh1 Ra6 58. Rxh2 Kg6 59. Rg2+  1/2-1/2

[Event "38th Reykjavik op"]
[Site "Reykjavik ISL"]
[Date "2025.04.09"]
[Round "1.55"]
[White "Roubert, Emile"]
[Black "Wartiovaara, Oliver"]
[WhiteElo "2050"]
[BlackElo "2359"]
[Result "0-1"]
[EventDate "2025.04.09"]
[PlyCount "76"]

1. e4 c5 2. Nf3 Nc6 3. d4 cxd4 4. Nxd4 Qb6 5. Nb3 g6 6. Be3 Qb4+ 7. N1d2 Nf6 8. a4
Qd6 9. Be2 Bg7 10. O-O O-O 11. c3 Qc7 12. Re1 d5 13. Qc2 dxe4 14. Nxe4 Ng4 15. Bxg4
Bxg4 16. Ng3 e5 17. f3 Be6 18. Rad1 Nb4 19. Qe4 Bxb3 20. Qxb4 Bxd1 21. Rxd1 b6 22.
c4 Rfd8 23. Re1 Bf8 24. Qb5 f5 25. Ne2 Rd3 26. Nc3 Rxe3 27. Qd5+ Qf7 28. Rxe3 Qxd5
29. Nxd5 Bc5 30. Kf1 Bxe3 31. Nxe3 Kf7 32. Ke2 Ke6 33. h3 Rd8 34. b3 a5 35. g4 f4
36. Nd1 Rxd1 37. Kxd1 e4 38. fxe4 Ke5  0-1

[Event "38th Reykjavik op"]
[Site "Reykjavik ISL"]
[Date "2025.04.09"]
[Round "1.56"]
[White "Bekker, Stefan"]
[Black "De Seroux, Camille"]
[WhiteElo "2358"]
[BlackElo "2049"]
[Result "1-0"]
[EventDate "2025.04.09"]
[PlyCount "113"]

1. Nf3 Nc6 2. d4 d6 3. d5 Ne5 4. Nc3 Nf6 5. e4 e6 6. Nxe5 dxe5 7. Bb5+ Bd7 8. dxe6
Bxb5 9. Qxd8+ Rxd8 10. Nxb5 fxe6 11. f3 c6 12. Nc3 Bc5 13. Ke2 Kf7 14. Na4 Be7 15.
Be3 b6 16. Rad1 Rxd1 17. Rxd1 Rd8 18. Rxd8 Bxd8 19. b3 (19. h3) 19... Ne8 20. Nb2
Nd6 21. Nd3 Bf6 22. a4 c5 23. Nb2 Ke7 24. Kd3 Kd7 25. c3 Kc6 26. g3 g5 27. Nd1 a6
28. Nf2 Nf7 29. Bc1 Bg7 30. Ng4 b5 31. axb5+ axb5 32. c4 bxc4+ 33. Kxc4 h6 34. Bb2
h5 35. Ne3 Nd6+ 36. Kd3 Kb5 37. Bc3 Bh8 38. Nc4 Nxc4 39. bxc4+ Kc6 40. h3 Bf6 41.
Kc2 Kd6 42. Kb3 Kc6 43. Ka4 Kb6 44. Bd2 Be7 45. Ba5+ Ka6 46. Bc7 Bf6 47. Bd6 Kb6
48. Bf8 Kc6 49. Ka5 Bd8+ 50. Ka6 Bf6 51. Ka7 Bd8 52. Bg7 Kd6 53. Kb7 Be7 54. Kc8
g4 55. fxg4 hxg4 56. h4 Kc6 57. h5  1-0

[Event "38th Reykjavik op"]
[Site "Reykjavik ISL"]
[Date "2025.04.09"]
[Round "1.57"]
[White "De La Torre, Igor"]
[Black "Li, Guohao"]
[WhiteElo "2048"]
[BlackElo "2356"]
[Result "0-1"]
[EventDate "2025.04.09"]
[PlyCount "62"]

1. e4 c5 2. Nf3 d6 3. Bb5+ Nd7 4. c3 a6 5. Ba4 Nf6 6. Qe2 b5 7. Bc2 Bb7 8. d4 e6
9. O-O Be7 10. Re1 Qc7 11. Nbd2 cxd4 12. Nxd4 O-O 13. Nf1 Rfe8 14. Ng3 Bf8 15. Bg5
h6 16. Bd2 Ne5 17. Rad1 Ng6 18. Bb3 Nd7 19. Qh5 Nc5 20. Bc2 Rad8 21. Bb1 e5 22. Ndf5
Ne6 23. Qg4 Kh7 24. Nh5 Bc8 25. g3 Nc5 26. h4 d5 27. Bxh6 dxe4 28. Bxe4 Rxd1 29.
Rxd1 Nxe4 30. Bxg7 Bxf5 31. Qxf5 Bxg7  0-1

[Event "38th Reykjavik op"]
[Site "Reykjavik ISL"]
[Date "2025.04.09"]
[Round "1.58"]
[White "Boer, Alef"]
[Black "Ruiz Buendia, Miguel"]
[WhiteElo "2044"]
[BlackElo "2353"]
[Result "1/2-1/2"]
[EventDate "2025.04.09"]
[PlyCount "121"]

1. e4 c5 2. Nf3 d6 3. Bb5+ Nd7 4. c3 Nf6 5. Qe2 a6 6. Ba4 b5 7. Bc2 e6 8. d4 Bb7
9. O-O Be7 10. Re1 cxd4 11. cxd4 O-O 12. a4 Qc7 13. Bd3 Rfc8 14. Bg5 h6 15. Bh4 Rab8
16. Nbd2 Nf8 17. axb5 axb5 18. e5 dxe5 19. dxe5 Nd5 20. Bg3 Nb4 21. Bxb5 Nc2 22.
Rec1 Qb6 23. Rab1 Nd4 24. Nxd4 Rxc1+ 25. Rxc1 Qxd4 26. Qd3 Qxd3 27. Bxd3 Rd8 28.
Be4 Rxd2 29. Bxb7 Rxb2 30. Be4 g5 31. Kf1 Kg7 32. Rc2 Rxc2 33. Bxc2 Ng6 34. Ke2 h5
35. h3 Bc5 36. Kf3 Kh6 37. Ke2 Bb6 38. Bh2 Bc7 39. g4 h4 40. Ke3 Bb6+ 41. Kf3 Ne7
42. Be4 Ng6 43. Kg2 Bc7 44. f3 Kg7 45. Kf1 Ba5 46. Ke2 Bc3 47. Bd3 Bb2 48. Kd1 Ne7
49. f4 gxf4 50. Bxf4 Nc6 51. Be4 Nxe5 52. Bxe5+ Bxe5 53. Ke2 Bf4 54. Kf3 Bg5 55.
Bd3 Kf6 56. Ke4 Ke7 57. Bb5 Bc1 58. Ba4 Kf6 59. Be8 Bh6 60. Ba4 Kg5 61. Bd7  1/2-1/2

[Event "38th Reykjavik op"]
[Site "Reykjavik ISL"]
[Date "2025.04.09"]
[Round "1.59"]
[White "Ragnarsson, Dagur"]
[Black "Cigan, Jason"]
[WhiteElo "2352"]
[BlackElo "2044"]
[Result "0-1"]
[EventDate "2025.04.09"]
[PlyCount "50"]

1. d4 Nf6 2. Nf3 d5 3. e3 c5 4. c3 e6 5. Nbd2 Nbd7 6. Bd3 Bd6 7. O-O O-O 8. Re1 b6
9. e4 dxe4 10. Nxe4 Be7 11. Qe2 cxd4 12. Nxd4 Bb7 13. Ng3 Rc8 14. Be3 Qc7 15. Rad1
a6 16. Bc2 b5 17. a3 Nb6 18. Bg5 Nbd5 19. Ne4 Nf4 20. Qf3 N6d5 21. Qg3 Ng6 22. Qxc7
Rxc7 23. Bxe7 Rxe7 24. Bb3 h6 25. Nf3 Nf6  0-1

[Event "38th Reykjavik op"]
[Site "Reykjavik ISL"]
[Date "2025.04.09"]
[Round "1.60"]
[White "Birkisson, Bardur Oern"]
[Black "Deboushnik, De"]
[WhiteElo "2342"]
[BlackElo "2038"]
[Result "1/2-1/2"]
[EventDate "2025.04.09"]
[PlyCount "91"]

1. e4 c6 2. Nf3 d5 3. d3 Qc7 4. exd5 cxd5 5. c4 dxc4 6. dxc4 e6 7. a3 Nf6 8. Nc3
Bd7 9. Nb5 Bxb5 10. cxb5 Bc5 11. Be2 O-O 12. O-O Nbd7 13. Bd2 Nb6 14. Rc1 Qe7 15.
b4 Bd6 16. Be3 Rfd8 17. Qb3 Nbd5 18. Bc4 h6 19. Rfe1 Rd7 20. Bd4 Qe8 21. Ne5 Rc7
22. Bf1 Rxc1 23. Rxc1 Rc8 24. Rxc8 Qxc8 25. Qc4 Qb8 26. Nf3 e5 27. Bc5 e4 28. Bxd6
Qxd6 29. Nd4 e3 30. Qc8+ Kh7 31. Qf5+ Kg8 32. Qc8+ Kh7 33. Qf5+ Kg8 34. Bd3 g6 35.
Qc8+ Kg7 36. fxe3 Qe5 37. Nc2 h5 38. Qc5 Qb2 39. Bf1 Nc3 40. Nd4 Nfe4 41. Ne6+ fxe6
42. Qe7+ Kh6 43. Qf8+ Kh7 44. Qf7+ Kh6 45. Qf8+ Kh7 46. Qf7+  1/2-1/2

[Event "38th Reykjavik op"]
[Site "Reykjavik ISL"]
[Date "2025.04.09"]
[Round "1.61"]
[White "Divry, Alexandre"]
[Black "Haug, Havard"]
[WhiteElo "2036"]
[BlackElo "2339"]
[Result "1/2-1/2"]
[EventDate "2025.04.09"]
[PlyCount "128"]

1. d4 Nf6 2. c4 e6 3. Nc3 d5 4. cxd5 exd5 5. Bg5 Be7 6. e3 O-O 7. Bd3 Re8 8. Nge2
c6 9. O-O Nbd7 10. Rb1 a5 11. a3 h6 12. Bh4 Ne4 13. Bxe7 Qxe7 14. Bxe4 dxe4 15. Ng3
Nf6 16. Qc2 h5 17. h3 h4 18. Nge2 Bf5 19. d5 cxd5 20. Rfd1 Rac8 21. Qa4 Rc5 22. b4
axb4 23. axb4 Rcc8 24. Nxd5 Nxd5 25. Rxd5 Be6 26. Rc5 Red8 27. Nd4 Rxc5 28. bxc5
Bd5 29. Qa7 Qg5 30. Qb6 Ra8 31. c6 bxc6 32. Nxc6 Qf6 33. Nd4 Qxb6 34. Rxb6 Ra1+ 35.
Kh2 g6 36. Rb5 Bc4 37. Rg5 Rf1 38. Rg4 Rxf2 39. Rxh4 Bd3 40. Rf4 Ra2 41. Kg3 Kg7
42. Rf2 Ra1 43. Rb2 Re1 44. h4 Kf6 45. Rf2+ Ke7 46. Kf4 f6 47. Rb2 Rf1+ 48. Kg3 Kd6
49. Rb7 f5 50. Rb6+ Ke5 51. Re6+ Kd5 52. Rf6 Bc4 53. h5 Ke5 54. Rf8 gxh5 55. Nc6+
Kd5 56. Nd4 Ke5 57. Nc6+ Kd6 58. Nd4 Re1 59. Kf4 Rf1+ 60. Kg5 f4 61. Rxf4 Re1 62.
Kxh5 Rxe3 63. Nf5+ Ke5 64. Nxe3 Kxf4  1/2-1/2

[Event "38th Reykjavik op"]
[Site "Reykjavik ISL"]
[Date "2025.04.09"]
[Round "1.62"]
[White "Muetsch, Annmarie"]
[Black "Kingsley, Elias"]
[WhiteElo "2329"]
[BlackElo "2033"]
[Result "1-0"]
[EventDate "2025.04.09"]
[PlyCount "95"]

1. e4 c5 2. Nf3 e6 3. d3 Nc6 4. g3 Nf6 5. Bg2 Be7 6. O-O d5 7. Nbd2 O-O 8. Re1 d4
9. e5 Nd5 10. Ne4 Qc7 11. c4 dxc3 12. Nxc3 Rd8 13. Qe2 Ndb4 14. Rd1 b6 15. a3 Nd5
16. Nb5 Qd7 17. d4 Ba6 18. dxc5 Bxc5 19. Bg5 Bxb5 20. Qxb5 Nxe5 21. Qe2 Nxf3+ 22.
Bxf3 f6 23. Bd2 Rac8 24. Be1 Qf7 25. Rac1 Kh8 26. Rc4 e5 27. Rdc1 Rb8 28. b4 Bd4
29. Be4 Rb7 30. Rc8 Rd7 31. Qb5 g6 32. a4 f5 33. Bb1 Nf6 34. Qc6 Kg7 35. Rxd8 Rxd8
36. a5 Qd5 37. a6 e4 38. Qxd5 Rxd5 39. Ba2 Rd7 40. Kg2 Ne8 41. Rd1 Kf6 42. f4 Ke7
43. Bc4 Nc7 44. g4 fxg4 45. Bh4+ Ke8 46. b5 h5 47. Kf1 Be3 48. Bf7+  1-0

[Event "38th Reykjavik op"]
[Site "Reykjavik ISL"]
[Date "2025.04.09"]
[Round "1.63"]
[White "De Mey, Juan Pablo"]
[Black "Papadiamandis, Elliot"]
[WhiteElo "2030"]
[BlackElo "2315"]
[Result "1-0"]
[EventDate "2025.04.09"]
[PlyCount "149"]

1. e4 c5 2. Nf3 d6 3. d4 cxd4 4. Nxd4 Nf6 5. Nc3 a6 6. Bg5 e6 7. f3 Nbd7 8. Qd2 h6
9. Be3 b5 10. a3 Bb7 11. h4 Qc7 12. O-O-O h5 13. Bg5 Rc8 14. Bd3 Qb6 15. Be3 Qc7
16. Rhf1 Ne5 17. f4 Nc4 18. Qe1 Nxa3 19. e5 dxe5 20. Nxe6 fxe6 21. Bg6+ Ke7 22. fxe5
Qxe5 23. Qf2 Rc4 24. Bb6 Bd5 25. Rfe1 Qf4+ 26. Qxf4 Rxf4 27. Rxd5 Nd7 28. Bc7 Rf6
29. Rg5 Rxg6 30. Rxg6 Nc4 31. Rgxe6+ Kf7 32. Rxa6 Be7 33. g3 Bf6 34. Ra7 Kg6 35.
Nd1 Rc8 36. Re2 b4 37. Re4 Nce5 38. Bxe5 Nxe5 39. Kb1 Nc4 40. Ka2 Nd6 41. Rxb4 Rxc2
42. Ra6 Nf5 43. Rb5 Nd4 44. Rg5+ Kh6 45. Ne3 Rd2 46. Nd5 Nc2 47. Rxf6+ gxf6 48. Nxf6
Ne3 49. Ng8+ Kh7 50. Nf6+ Kh6 51. Nxh5 Nd1 52. Nf4 Rxb2+ 53. Ka3 Rb6 54. Rh5+ Kg7
55. Rc5 Nf2 56. g4 Ne4 57. Rc7+ Kh6 58. Rc4 Nd6 59. g5+ Kg7 60. Rc7+ Kg8 61. Ka4
Rb1 62. h5 Rg1 63. Ne6 Re1 64. Nc5 Rg1 65. g6 Rg5 66. Ne6 Re5 67. Re7 Rxh5 68. Rd7
Rh4+ 69. Kb3 Rh3+ 70. Kc2 Rh2+ 71. Kd1 Rh1+ 72. Ke2 Rh2+ 73. Kf1 Ne8 74. Rd8 Rf2+
75. Kxf2  1-0

[Event "38th Reykjavik op"]
[Site "Reykjavik ISL"]
[Date "2025.04.09"]
[Round "1.64"]
[White "Dushyant, Sharma"]
[Black "Kukushkin, Ivan"]
[WhiteElo "2313"]
[BlackElo "2030"]
[Result "1-0"]
[EventDate "2025.04.09"]
[PlyCount "85"]

1. e4 c5 2. Nf3 Nc6 3. d4 cxd4 4. Nxd4 Nf6 5. Nc3 d6 6. f4 g6 7. Be2 Bg7 8. Be3 O-O
9. O-O Bd7 10. Nb3 a6 11. Bf3 Rc8 12. h3 b5 13. a3 Na5 14. Nxa5 Qxa5 15. e5 Ne8 16.
Nd5 Rb8 17. Ba7 Qd8 18. Bxb8 Qxb8 19. Nxe7+ Kh8 20. c3 Be6 21. Kh1 dxe5 22. Nc6 Qc7
23. fxe5 f6 24. Qd8 Qf7 25. Qb6 Bc4 26. Rfe1 Nc7 27. exf6 Bxf6 28. Ne5 Qg7 29. Nxc4
bxc4 30. Rad1 h5 31. Qc6 Rf7 32. Qxc4 Kh7 33. a4 Kh6 34. Rd6 a5 35. Rc6 Kh7 36. b4
axb4 37. cxb4 Kh6 38. b5 Re7 39. Rxe7 Qxe7 40. Rxf6 Qxf6 41. Qxc7 Qa1+ 42. Kh2 Qxa4
43. b6  1-0

[Event "38th Reykjavik op"]
[Site "Reykjavik ISL"]
[Date "2025.04.09"]
[Round "1.65"]
[White "Schwarz, David"]
[Black "Frayna, Janelle Mae"]
[WhiteElo "2028"]
[BlackElo "2311"]
[Result "0-1"]
[EventDate "2025.04.09"]
[PlyCount "132"]

1. d4 Nf6 2. c4 e6 3. Nf3 d5 4. Nc3 c6 5. Qb3 Nbd7 6. Bg5 h6 7. Bh4 Be7 8. e3 O-O
9. Bd3 dxc4 10. Bxc4 b5 11. Bd3 Nc5 12. dxc5 Qxd3 13. Ne5 Qf5 14. Nxc6 Bxc5 15. Qxb5
a6 16. Qb3 Bd7 17. Nd4 Bxd4 18. exd4 Rab8 19. Qa3 Qd3 20. Rd1 Qc2 21. Bxf6 gxf6 22.
Rd2 Qc1+ 23. Nd1 Bb5 24. h4 Kh7 25. Qc3 Rfc8 26. Qxc1 Rxc1 27. Rh3 Rbc8 28. d5 exd5
29. Rxd5 Bc6 30. Rdd3 Bxg2 31. Rhg3 Be4 32. Rc3 R8xc3 33. Rxc3 Ra1 34. a3 Kg6 35.
Kd2 f5 36. Rg3+ Kh5 37. Nc3 Kxh4 38. Nxe4 fxe4 39. Ke3 Re1+ 40. Kf4 Rf1 41. Rg2 Kh3
42. Rg3+ Kh2 43. Kxe4 Rxf2 44. Rf3 Rxb2 45. Rxf7 Rb6 46. Kf4 Kh3 47. Rg7 Rf6+ 48.
Ke5 Rc6 49. Kd5 Rf6 50. Ke5 Rb6 51. Kd5 h5 52. Kc5 Rb5+ 53. Kc4 Ra5 54. Kb4 Rf5 55.
a4 a5+ 56. Kc4 h4 57. Kd3 Rf4 58. Rg5 Rxa4 59. Ke3 Ra2 60. Kf3 Kh2 61. Rg4 h3 62.
Rg5 a4 63. Rg4 a3 64. Ra4 Ra1 65. Kf2 a2 66. Rf4 Rb1  0-1

[Event "38th Reykjavik op"]
[Site "Reykjavik ISL"]
[Date "2025.04.09"]
[Round "1.66"]
[White "Sarkar, Justin"]
[Black "Belz, Frank-Martin"]
[WhiteElo "2305"]
[BlackElo "2027"]
[Result "1-0"]
[EventDate "2025.04.09"]
[PlyCount "113"]

1. c4 c6 2. Nf3 d5 3. d4 Nf6 4. Nc3 dxc4 5. a4 Bf5 6. Ne5 Nbd7 7. Nxc4 Nb6 8. Ne5
a5 9. g3 Nbd7 10. f3 Nxe5 11. dxe5 Qxd1+ 12. Nxd1 Nd5 13. e4 Nb4 14. Ne3 Be6 15.
f4 Bb3 16. Kd2 f6 17. Kc3 Bf7 18. Nc4 Bxc4 19. Bxc4 fxe5 20. f5 O-O-O 21. Be3 Kc7
22. Rad1 Rd6 23. Bc5 Rxd1 24. Rxd1 e6 25. Bxf8 Rxf8 26. fxe6 Rd8 27. Rf1 Kd6 28.
Rf7 b5 29. axb5 cxb5 30. Bxb5 Kxe6 31. Rxg7 Rd4 32. Rxh7 Rxe4 33. Ra7 Nd5+ 34. Kc2
Nb4+ 35. Kd1 Rd4+ 36. Ke2 Nc2 37. Ra6+ Ke7 38. Rxa5 Rb4 39. Kd3 Nd4 40. Bc4 Nf3 41.
Kc3 Rb8 42. Be2 Rc8+ 43. Kd3 Ne1+ 44. Ke4 Rc2 45. Rxe5+ Kd6 46. Kf5 Rxb2 47. Re6+
Kc5 48. Bd1 Nd3 49. h4 Rd2 50. Be2 Nb4 51. h5 Nc6 52. Kf6 Nd4 53. Re5+ Kd6 54. h6
Nxe2 55. h7 Nxg3 56. h8=Q Rf2+ 57. Kg6  1-0

[Event "38th Reykjavik op"]
[Site "Reykjavik ISL"]
[Date "2025.04.09"]
[Round "1.67"]
[White "Muench, Robert"]
[Black "George Samir, David"]
[WhiteElo "2027"]
[BlackElo "2303"]
[Result "0-1"]
[EventDate "2025.04.09"]
[PlyCount "52"]

1. d4 Nf6 2. g3 d5 3. Bg2 c5 4. c3 Nc6 5. Nf3 g6 6. O-O Bg7 7. dxc5 O-O 8. Nbd2 a5
9. Nd4 Na7 10. e4 e5 11. Nc2 Bg4 12. f3 Be6 13. a4 b6 14. b4 axb4 15. cxb4 bxc5 16.
b5 dxe4 17. fxe4 Nxb5 18. axb5 Rxa1 19. Nxa1 Qd4+ 20. Kh1 Qxa1 21. Qc2 Qa5 22. Qxc5
Rc8 23. Qxe5 Ng4 24. Qd6 Qxb5 25. Qa3 Bh6 26. Bf3 Bxd2  0-1

[Event "38th Reykjavik op"]
[Site "Reykjavik ISL"]
[Date "2025.04.09"]
[Round "1.68"]
[White "Bjoernsson, Sigurbjoern"]
[Black "Darvekar, Yash"]
[WhiteElo "2303"]
[BlackElo "2024"]
[Result "1-0"]
[EventDate "2025.04.09"]
[PlyCount "101"]

1. c4 c6 2. e4 d5 3. exd5 cxd5 4. d4 Nf6 5. Nc3 Nc6 6. a3 dxc4 7. Nf3 Be6 8. Be2
g6 9. O-O h6 10. Qa4 Qa5 11. Qb5 Qxb5 12. Nxb5 Rc8 13. Ne5 a6 14. Nxc6 Rxc6 15. Nc3
Rd6 16. Rd1 b5 17. Bf4 Rd8 18. Bc7 Rc8 19. Be5 Bg7 20. Bf3 O-O 21. Bb7 Rcd8 22. Bxa6
Nd5 23. Bxg7 Kxg7 24. Bxb5 Nf4 25. Rd2 Rd6 26. g3 Nh3+ 27. Kg2 Ng5 28. f4 Bh3+ 29.
Kf2 Ne6 30. d5 Rfd8 31. Bxc4 Nc7 32. Re2 e6 33. dxe6 fxe6 34. Ne4 Rd4 35. b3 Bg4
36. Ree1 Nd5 37. Rac1 Bf5 38. Bxd5 exd5 39. Rc7+ Kf8 40. Nf6 Be4 41. Nh7+ Kg8 42.
Nf6+ Kf8 43. Rh7 Rd6 44. Nxe4 dxe4 45. Rc1 Kg8 46. Rb7 Rd2+ 47. Ke1 Rd8 48. Rc8 Rd1+
49. Ke2 Rd2+ 50. Ke3 Rd3+ 51. Kxe4  1-0